000 00726nam a2200205Ia 4500
003 GCL
008 140319s9999 xx 000 0 ara d
040 _aGCL /
_cGCL
082 0 4 _a912
_bم خ
100 1 _aمحمد محمد سطيحة
245 1 0 _aخرائط التوزيعات الجغرافية : دراسة فى طرق التمثيل الكرتوجرافى /
_cمحمد محمد سطيحة
250 _aالاولى
260 _aالقاهرة :
_bدار النهضة العربية ،
_c1972
300 _a357 ص ؛
_c24سم
650 0 4 _aالخرائط الطبوغرافية
650 0 4 _aرسم الخرائط
650 0 4 _aالخرائط, علم
650 0 4 _aالكرتوجرافيا
942 _2ddc
_cBK
999 _c37249
_d37249